आनंदभवन (Record no. 459366)

MARC details
000 -LEADER
fixed length control field 00417nam a2200145Ia 4500
008 - FIXED-LENGTH DATA ELEMENTS--GENERAL INFORMATION
fixed length control field 100204s9999 xx 000 0 und d
082 ## - DEWEY DECIMAL CLASSIFICATION NUMBER
Item number 14935
100 ## - MAIN ENTRY--PERSONAL NAME
Personal name खेर भा. द..
245 ## - TITLE STATEMENT
Title आनंदभवन
260 ## - PUBLICATION, DISTRIBUTION, ETC. (IMPRINT)
Name of publisher, distributor, etc "निरंजन प्रकाशन , पुणे 4"
Date of publication, distribution, etc 1991 3
300 ## - PHYSICAL DESCRIPTION
Extent 454
630 ## - SUBJECT ADDED ENTRY--UNIFORM TITLE
Uniform title आनंदभवन
730 ## - ADDED ENTRY--UNIFORM TITLE
Uniform title आनंदभवन
942 ## - ADDED ENTRY ELEMENTS (KOHA)
Koha item type Book
Holdings
Withdrawn status Lost status Damaged status Not for loan Home library Current library Date acquired Cost, normal purchase price Total Checkouts Full call number Barcode Date last seen Cost, replacement price Price effective from Koha item type Public note
  Missing from bundle     N. C. Kelkar Sarvajanik Library, Mulund N. C. Kelkar Sarvajanik Library, Mulund 02/04/2010 150.00   14935 NCKMULUND-14935 02/04/2010 150.00 02/04/2010 Book 1)गहाळ